| 000 | 00481nmm a22001697a 4500 | ||
|---|---|---|---|
| 005 | 20170210135309.0 | ||
| 008 | 150728b xxu||||| |||| 00| 0 spa d | ||
| 041 | _aspa | ||
| 082 | _aMD 174 | ||
| 100 |
_aGranados Saénz, Kimberly _911058 |
||
| 245 | _aInforme de Práctica Supervisada realizado en Laboratorio Dental Oco Biomédical | ||
| 260 | _c2013 | ||
| 650 |
_aCOSTA RICA _939607 |
||
| 650 |
_aMECÁNICA DENTAL _939608 |
||
| 650 |
_aPRÓTESIS FLEXIBLES _94571 |
||
| 942 | _cIP | ||
| 999 |
_c6866 _d6866 |
||